[Event "Russian Blitz Team Championship (m)"]
[Site "Sochi"]
[Date "2022.10.17"]
[Round "5.6"]
[White "Fedorov, Alexei"]
[Black "Zvjaginsev, Vadim"]
[Result "1/2-1/2"]
[BlackElo "2601"]
[WhiteElo "2521"]
[LiveChessVersion "1.4.8"]

1. e4 {[%clk 0:03:01]} e5 {[%clk 0:03:04]} 2. Nf3 {[%clk 0:03:01]} Nf6
{[%clk 0:03:04]} 3. d3 {[%clk 0:03:01]} d6 {[%clk 0:03:03]} 4. g3
{[%clk 0:03:02]} g6 {[%clk 0:03:04]} 5. Bg2 {[%clk 0:03:03]} Bg7 {[%clk 0:03:05]}
6. O-O {[%clk 0:03:02]} O-O {[%clk 0:03:05]} 7. Nbd2 {[%clk 0:03:01]} Re8
{[%clk 0:02:58]} 8. c3 {[%clk 0:02:44]} Nbd7 {[%clk 0:02:56]} 9. Re1
{[%clk 0:02:41]} b6 {[%clk 0:02:53]} 10. d4 {[%clk 0:02:32]} Bb7 {[%clk 0:02:47]}
11. Qc2 {[%clk 0:02:25]} a5 {[%clk 0:02:34]} 12. a4 {[%clk 0:02:22]} Re7
{[%clk 0:02:27]} 13. b3 {[%clk 0:02:17]} Qf8 {[%clk 0:02:08]} 14. Ba3
{[%clk 0:02:12]} Rae8 {[%clk 0:02:06]} 15. d5 {[%clk 0:02:08]} h5
{[%clk 0:01:54]} 16. b4 {[%clk 0:02:06]} Ra8 {[%clk 0:01:54]} 17. bxa5
{[%clk 0:01:56]} Rxa5 {[%clk 0:01:55]} 18. Bb4 {[%clk 0:01:55]} Ra8
{[%clk 0:01:53]} 19. a5 {[%clk 0:01:56]} bxa5 {[%clk 0:01:50]} 20. Bxa5
{[%clk 0:01:43]} Nc5 {[%clk 0:01:45]} 21. Bb4 {[%clk 0:01:42]} Nfd7
{[%clk 0:01:43]} 22. Nb3 {[%clk 0:01:36]} Nxb3 {[%clk 0:01:16]} 23. Qxb3
{[%clk 0:01:36]} Ree8 {[%clk 0:01:09]} 24. Bh3 {[%clk 0:00:58]} Nb6
{[%clk 0:00:56]} 25. c4 {[%clk 0:00:38]} Rxa1 {[%clk 0:00:34]} 26. Rxa1
{[%clk 0:00:39]} Ra8 {[%clk 0:00:34]} 27. Ra5 {[%clk 0:00:27]} Qb8
{[%clk 0:00:23]} 28. Nd2 {[%clk 0:00:22]} Bh6 {[%clk 0:00:17]} 29. Nb1
{[%clk 0:00:20]} Rxa5 {[%clk 0:00:16]} 30. Bxa5 {[%clk 0:00:21]} Qa7
{[%clk 0:00:17]} 31. Bxb6 {[%clk 0:00:12]} cxb6 {[%clk 0:00:15]} 32. Qa3
{[%clk 0:00:11]} Qxa3 33. Nxa3 {[%clk 0:00:13]} Ba6 {[%clk 0:00:11]} 34. Nb5
{[%clk 0:00:14]} Bxb5 {[%clk 0:00:12]} 35. cxb5 1/2-1/2

[Event "Russian Blitz Team Championship (m)"]
[Site "Sochi"]
[Date "2022.10.17"]
[Round "5.7"]
[White "Malakhov, Vladimir"]
[Black "Aleksandrov, Aleksej"]
[Result "1/2-1/2"]
[BlackElo "2397"]
[WhiteElo "2654"]
[LiveChessVersion "1.4.8"]

1. Nf3 {[%clk 0:03:03]} Nf6 {[%clk 0:03:04]} 2. c4 {[%clk 0:03:04]} e6
{[%clk 0:03:05]} 3. Nc3 {[%clk 0:03:05]} d5 {[%clk 0:03:06]} 4. e3
{[%clk 0:03:06]} dxc4 {[%clk 0:03:03]} 5. Bxc4 {[%clk 0:03:06]} a6
{[%clk 0:03:05]} 6. O-O {[%clk 0:03:01]} c5 {[%clk 0:03:05]} 7. a4
{[%clk 0:02:57]} Nc6 {[%clk 0:03:02]} 8. d3 {[%clk 0:02:47]} Be7 {[%clk 0:02:52]}
9. e4 {[%clk 0:02:44]} O-O {[%clk 0:02:52]} 10. h3 {[%clk 0:02:39]} Nd7
{[%clk 0:02:49]} 11. Bf4 {[%clk 0:02:33]} Re8 {[%clk 0:02:38]} 12. Rc1
{[%clk 0:02:29]} Bf6 {[%clk 0:02:31]} 13. Re1 {[%clk 0:01:54]} Nde5
{[%clk 0:02:21]} 14. Nxe5 {[%clk 0:01:55]} Bxe5 {[%clk 0:02:14]} 15. Be3
{[%clk 0:01:55]} Bd4 {[%clk 0:02:11]} 16. Bxd4 {[%clk 0:01:37]} Qxd4
{[%clk 0:02:03]} 17. Qd2 {[%clk 0:01:32]} b6 {[%clk 0:01:57]} 18. Qe3
{[%clk 0:01:23]} Qxe3 {[%clk 0:01:44]} 19. fxe3 {[%clk 0:01:23]} Rd8
{[%clk 0:01:29]} 20. Kf2 {[%clk 0:01:11]} Bb7 {[%clk 0:01:16]} 21. Ke2
{[%clk 0:01:11]} Kf8 {[%clk 0:01:17]} 22. Nb1 {[%clk 0:00:55]} Rd7
{[%clk 0:01:15]} 23. Red1 {[%clk 0:00:51]} Rad8 {[%clk 0:01:15]} 24. Nd2
{[%clk 0:00:47]} Ne5 {[%clk 0:01:07]} 25. Nf3 {[%clk 0:00:45]} Nxc4
{[%clk 0:00:40]} 26. Rxc4 {[%clk 0:00:46]} a5 {[%clk 0:00:42]} 27. Rc3
{[%clk 0:00:44]} f6 {[%clk 0:00:40]} 28. Nd2 {[%clk 0:00:38]} Ba6
{[%clk 0:00:39]} 29. Nc4 {[%clk 0:00:37]} Bxc4 {[%clk 0:00:39]} 30. Rxc4
{[%clk 0:00:38]} e5 {[%clk 0:00:38]} 31. Rc3 {[%clk 0:00:30]} 1/2-1/2

[Event "Russian Blitz Team Championship (m)"]
[Site "Sochi"]
[Date "2022.10.17"]
[Round "5.8"]
[White "Zarubitski, Viachaslau"]
[Black "Popov, Ivan"]
[Result "0-1"]
[BlackElo "2549"]
[WhiteElo "2359"]
[LiveChessVersion "1.4.8"]

1. c4 {[%clk 0:03:03]} c6 {[%clk 0:03:03]} 2. Nf3 {[%clk 0:03:02]} d5
{[%clk 0:03:04]} 3. e3 {[%clk 0:03:02]} Bg4 {[%clk 0:03:05]} 4. b3
{[%clk 0:02:54]} e6 {[%clk 0:03:00]} 5. Bb2 {[%clk 0:02:53]} Nf6 {[%clk 0:03:01]}
6. Be2 {[%clk 0:02:48]} Nbd7 {[%clk 0:03:01]} 7. O-O {[%clk 0:02:46]} Bd6
{[%clk 0:03:00]} 8. h3 {[%clk 0:02:40]} Bh5 {[%clk 0:03:01]} 9. d4
{[%clk 0:02:23]} Ne4 {[%clk 0:02:55]} 10. Nbd2 {[%clk 0:02:19]} f5
{[%clk 0:02:55]} 11. Nxe4 {[%clk 0:01:33]} fxe4 {[%clk 0:02:47]} 12. Nd2
{[%clk 0:01:32]} Bxe2 {[%clk 0:02:44]} 13. Qxe2 {[%clk 0:01:33]} Qh4
{[%clk 0:02:07]} 14. a4 {[%clk 0:01:07]} O-O {[%clk 0:01:58]} 15. Ba3
{[%clk 0:01:03]} Bxa3 {[%clk 0:01:58]} 16. Rxa3 {[%clk 0:01:04]} Rf6
{[%clk 0:01:54]} 17. a5 {[%clk 0:00:48]} Rg6 {[%clk 0:01:52]} 18. Kh2
{[%clk 0:00:36]} Rf8 {[%clk 0:01:47]} 19. a6 {[%clk 0:00:28]} b6 {[%clk 0:01:47]}
20. g3 {[%clk 0:00:15]} Qg5 {[%clk 0:01:34]} 21. Raa1 {[%clk 0:00:11]} Nf6
{[%clk 0:01:28]} 22. Rg1 {[%clk 0:00:07]} Qf5 {[%clk 0:01:23]} 23. Raf1
{[%clk 0:00:06]} Rh6 {[%clk 0:01:20]} 24. g4 {[%clk 0:00:05]} Qg5
{[%clk 0:01:19]} 25. f4 {[%clk 0:00:06]} exf3 {[%clk 0:01:14]} 26. Nxf3
{[%clk 0:00:05]} Nxg4+ {[%clk 0:01:13]} 27. Kh1 {[%clk 0:00:04]} Rxh3+
{[%clk 0:01:13]} 28. Kg2 {[%clk 0:00:05]} Qh6 {[%clk 0:00:53]} 29. Rh1
{[%clk 0:00:06]} Nxe3+ {[%clk 0:00:51]} 30. Kf2 {[%clk 0:00:04]} 0-1

[Event "Russian Blitz Team Championship (m)"]
[Site "Sochi"]
[Date "2022.10.17"]
[Round "5.9"]
[White "Alekseev, Evgeny"]
[Black "Artemiev, Vladislav"]
[Result "1-0"]
[BlackElo "2832"]
[WhiteElo "2579"]
[LiveChessVersion "1.4.8"]

1. e4 {[%clk 0:03:03]} e5 {[%clk 0:03:02]} 2. Nf3 {[%clk 0:03:04]} Nc6
{[%clk 0:03:03]} 3. Bc4 {[%clk 0:03:04]} Nf6 {[%clk 0:03:03]} 4. d3
{[%clk 0:03:05]} Be7 {[%clk 0:03:03]} 5. O-O {[%clk 0:03:04]} O-O
{[%clk 0:03:03]} 6. Bb3 {[%clk 0:03:03]} d6 {[%clk 0:02:56]} 7. c3
{[%clk 0:03:02]} h6 {[%clk 0:02:32]} 8. h3 {[%clk 0:02:55]} Nh7 {[%clk 0:02:31]}
9. Re1 {[%clk 0:02:29]} Ng5 {[%clk 0:02:30]} 10. Nbd2 {[%clk 0:02:23]} Kh8
{[%clk 0:01:46]} 11. d4 {[%clk 0:02:19]} Bf6 {[%clk 0:01:44]} 12. dxe5
{[%clk 0:01:59]} Nxe5 {[%clk 0:01:02]} 13. Nxe5 {[%clk 0:01:56]} Bxe5
{[%clk 0:01:02]} 14. Nc4 {[%clk 0:01:38]} Bf6 {[%clk 0:00:42]} 15. e5
{[%clk 0:01:19]} dxe5 {[%clk 0:00:42]} 16. Qxd8 {[%clk 0:01:20]} Rxd8
{[%clk 0:00:20]} 17. Bxg5 {[%clk 0:00:28]} hxg5 {[%clk 0:00:21]} 18. Nxe5
{[%clk 0:00:28]} Bxe5 {[%clk 0:00:21]} 19. Rxe5 {[%clk 0:00:30]} f6
{[%clk 0:00:22]} 20. Re7 {[%clk 0:00:31]} Bd7 {[%clk 0:00:22]} 21. Rd1
{[%clk 0:00:16]} Bc6 {[%clk 0:00:24]} 22. Rxc7 {[%clk 0:00:15]} a5
{[%clk 0:00:20]} 23. a4 {[%clk 0:00:09]} Rxd1+ {[%clk 0:00:09]} 24. Bxd1
{[%clk 0:00:10]} Rd8 {[%clk 0:00:10]} 25. Bf3 {[%clk 0:00:12]} Bxa4
{[%clk 0:00:10]} 26. Rxb7 {[%clk 0:00:12]} Bc2 {[%clk 0:00:07]} 27. b4
{[%clk 0:00:06]} a4 {[%clk 0:00:08]} 28. Ra7 {[%clk 0:00:07]} Rb8
{[%clk 0:00:03]} 29. Bc6 {[%clk 0:00:07]} Rc8 {[%clk 0:00:04]} 30. b5
{[%clk 0:00:07]} Bb3 {[%clk 0:00:04]} 31. b6 {[%clk 0:00:05]} Rxc6
{[%clk 0:00:05]} 32. Ra8+ {[%clk 0:00:05]} Kh7 {[%clk 0:00:06]} 33. b7
{[%clk 0:00:07]} Rb6 {[%clk 0:00:07]} 34. b8=Q {[%clk 0:00:07]} Rxb8
{[%clk 0:00:08]} 35. Rxb8 {[%clk 0:00:08]} Kg6 {[%clk 0:00:10]} 36. f3
{[%clk 0:00:08]} Kf5 {[%clk 0:00:11]} 37. Kf2 {[%clk 0:00:09]} Ke5
{[%clk 0:00:12]} 38. Rb5+ {[%clk 0:00:08]} Kd6 {[%clk 0:00:13]} 39. Ke3
{[%clk 0:00:09]} Kc6 {[%clk 0:00:13]} 40. Ra5 {[%clk 0:00:10]} Kb6
{[%clk 0:00:14]} 41. Ra8 {[%clk 0:00:11]} Kc5 {[%clk 0:00:16]} 42. Kd3
{[%clk 0:00:11]} Bc4+ {[%clk 0:00:16]} 43. Ke3 {[%clk 0:00:09]} Bb5
{[%clk 0:00:14]} 44. Kd2 {[%clk 0:00:07]} Bf1 {[%clk 0:00:13]} 45. g3
{[%clk 0:00:08]} Kb5 {[%clk 0:00:13]} 46. h4 {[%clk 0:00:09]} Bg2
{[%clk 0:00:10]} 47. hxg5 {[%clk 0:00:09]} fxg5 {[%clk 0:00:12]} 48. Ke3
{[%clk 0:00:09]} g4 {[%clk 0:00:11]} 49. Rb8+ {[%clk 0:00:09]} Kc5
{[%clk 0:00:07]} 50. fxg4 {[%clk 0:00:07]} a3 {[%clk 0:00:08]} 51. Rb4
{[%clk 0:00:06]} Bc6 {[%clk 0:00:09]} 52. Rb3 {[%clk 0:00:06]} a2
{[%clk 0:00:07]} 53. Ra3 {[%clk 0:00:07]} Bd5 {[%clk 0:00:08]} 54. Kf4
{[%clk 0:00:07]} Bb3 {[%clk 0:00:07]} 55. Ke3 {[%clk 0:00:06]} Kd5
{[%clk 0:00:05]} 56. Kd2 {[%clk 0:00:06]} Ke4 {[%clk 0:00:07]} 57. Kc1
{[%clk 0:00:07]} Bc4 {[%clk 0:00:06]} 58. Kb2 {[%clk 0:00:07]} Kf3
{[%clk 0:00:06]} 59. g5 {[%clk 0:00:09]} g6 {[%clk 0:00:04]} 60. Ra4
{[%clk 0:00:09]} Be6 {[%clk 0:00:04]} 61. Ra6 {[%clk 0:00:08]} Bf5
{[%clk 0:00:03]} 62. Kxa2 {[%clk 0:00:08]} Kxg3 {[%clk 0:00:04]} 63. c4
{[%clk 0:00:07]} Kf4 {[%clk 0:00:05]} 64. c5 {[%clk 0:00:08]} Kxg5
{[%clk 0:00:03]} 65. c6 {[%clk 0:00:08]} Kf6 {[%clk 0:00:03]} 66. c7+
{[%clk 0:00:09]} Ke5 {[%clk 0:00:03]} 67. Rxg6 {[%clk 0:00:07]} Kd5 1-0

[Event "Russian Blitz Team Championship (m)"]
[Site "Sochi"]
[Date "2022.10.17"]
[Round "5.10"]
[White "Sjugirov, Sanan"]
[Black "Shubin, Kirill"]
[Result "1-0"]
[BlackElo "2416"]
[WhiteElo "2609"]
[LiveChessVersion "1.4.8"]

1. d4 {[%clk 0:03:01]} e6 {[%clk 0:03:04]} 2. c4 {[%clk 0:02:55]} Nf6
{[%clk 0:03:04]} 3. Nf3 {[%clk 0:02:55]} Bb4+ {[%clk 0:03:03]} 4. Bd2
{[%clk 0:02:55]} a5 {[%clk 0:03:04]} 5. a3 {[%clk 0:02:46]} Bxd2+
{[%clk 0:03:04]} 6. Qxd2 {[%clk 0:02:47]} b6 {[%clk 0:03:04]} 7. Nc3
{[%clk 0:02:40]} Bb7 {[%clk 0:03:04]} 8. e3 {[%clk 0:02:38]} d6 {[%clk 0:03:02]}
9. Bd3 {[%clk 0:02:30]} Nbd7 {[%clk 0:03:02]} 10. e4 {[%clk 0:02:16]} e5
{[%clk 0:03:02]} 11. O-O {[%clk 0:02:11]} O-O {[%clk 0:02:55]} 12. b3
{[%clk 0:02:00]} exd4 {[%clk 0:02:38]} 13. Nxd4 {[%clk 0:02:01]} Nc5
{[%clk 0:02:35]} 14. Rfe1 {[%clk 0:01:47]} Re8 {[%clk 0:02:27]} 15. f3
{[%clk 0:01:42]} Nxd3 {[%clk 0:01:54]} 16. Qxd3 {[%clk 0:01:43]} Nd7
{[%clk 0:01:54]} 17. Rad1 {[%clk 0:01:40]} Ne5 {[%clk 0:01:41]} 18. Qe2
{[%clk 0:01:31]} Ng6 {[%clk 0:01:37]} 19. Kh1 {[%clk 0:01:17]} Bc8
{[%clk 0:00:55]} 20. Qd2 {[%clk 0:01:06]} Bd7 {[%clk 0:00:49]} 21. Nd5
{[%clk 0:01:05]} Ne5 {[%clk 0:00:31]} 22. Qc3 {[%clk 0:01:04]} h5
{[%clk 0:00:22]} 23. h3 {[%clk 0:00:43]} Ng6 {[%clk 0:00:17]} 24. Qd2
{[%clk 0:00:32]} Ne5 {[%clk 0:00:13]} 25. Ne3 {[%clk 0:00:29]} Qg5
{[%clk 0:00:07]} 26. Rf1 {[%clk 0:00:24]} Qe7 {[%clk 0:00:07]} 27. Nd5
{[%clk 0:00:20]} Qd8 {[%clk 0:00:08]} 28. f4 {[%clk 0:00:19]} Nc6
{[%clk 0:00:09]} 29. Rfe1 {[%clk 0:00:12]} Nxd4 {[%clk 0:00:09]} 30. Qxd4
{[%clk 0:00:13]} Bc6 {[%clk 0:00:10]} 31. e5 {[%clk 0:00:06]} dxe5
{[%clk 0:00:07]} 32. fxe5 {[%clk 0:00:08]} Bxd5 {[%clk 0:00:05]} 33. cxd5
{[%clk 0:00:09]} Qe7 {[%clk 0:00:05]} 34. a4 {[%clk 0:00:05]} Rad8
{[%clk 0:00:05]} 35. Qc4 {[%clk 0:00:06]} Qd7 {[%clk 0:00:05]} 36. Re3
{[%clk 0:00:06]} Re7 {[%clk 0:00:05]} 37. Qe4 {[%clk 0:00:05]} Rde8
{[%clk 0:00:05]} 38. Qf4 {[%clk 0:00:07]} c6 {[%clk 0:00:03]} 39. d6 Re6 40. Rf1
{[%clk 0:00:08]} Rg6 {[%clk 0:00:04]} 41. Ref3 {[%clk 0:00:07]} Rf8
{[%clk 0:00:05]} 42. Qh4 {[%clk 0:00:05]} Rh6 {[%clk 0:00:04]} 43. Rf5
{[%clk 0:00:06]} Re8 {[%clk 0:00:03]} 44. Rxh5 {[%clk 0:00:06]} Rxh5
{[%clk 0:00:04]} 45. Qxh5 {[%clk 0:00:07]} Qe6 {[%clk 0:00:06]} 46. Rf3
{[%clk 0:00:06]} Qxe5 {[%clk 0:00:04]} 47. Qxf7+ {[%clk 0:00:07]} Kh8
{[%clk 0:00:05]} 48. d7 {[%clk 0:00:07]} Rd8 {[%clk 0:00:06]} 49. Qf8+
{[%clk 0:00:06]} Rxf8 {[%clk 0:00:03]} 50. Rxf8+ {[%clk 0:00:07]} Kh7
{[%clk 0:00:04]} 51. d8=Q {[%clk 0:00:07]} Qe1+ {[%clk 0:00:05]} 52. Kh2
{[%clk 0:00:08]} Qe5+ {[%clk 0:00:06]} 53. Kg1 {[%clk 0:00:08]} Qe3+
{[%clk 0:00:03]} 1-0

[Event "Russian Blitz Team Championship (m)"]
[Site "Sochi"]
[Date "2022.10.17"]
[Round "5.11"]
[White "Pershin, Denis"]
[Black "Timofeev, Artyom"]
[Result "0-1"]
[BlackElo "2579"]
[WhiteElo "2300"]
[LiveChessVersion "1.4.8"]

1. d4 {[%clk 0:03:02]} Nf6 {[%clk 0:03:02]} 2. c4 {[%clk 0:03:04]} g6
{[%clk 0:03:03]} 3. Nc3 {[%clk 0:03:04]} d5 {[%clk 0:03:04]} 4. cxd5
{[%clk 0:03:04]} Nxd5 {[%clk 0:03:04]} 5. e4 {[%clk 0:03:05]} Nb6
{[%clk 0:03:05]} 6. Be3 {[%clk 0:02:45]} Bg7 {[%clk 0:03:05]} 7. h3
{[%clk 0:02:39]} O-O {[%clk 0:03:03]} 8. Nf3 {[%clk 0:02:40]} Nc6
{[%clk 0:02:57]} 9. Be2 {[%clk 0:02:39]} e5 {[%clk 0:02:47]} 10. d5
{[%clk 0:02:19]} Ne7 {[%clk 0:02:47]} 11. Nd2 {[%clk 0:02:19]} Bd7
{[%clk 0:02:47]} 12. a4 {[%clk 0:02:04]} Nbc8 {[%clk 0:02:28]} 13. a5
{[%clk 0:02:04]} Nd6 {[%clk 0:02:27]} 14. O-O {[%clk 0:01:56]} a6
{[%clk 0:02:16]} 15. Nc4 {[%clk 0:01:53]} Nxc4 {[%clk 0:02:15]} 16. Bxc4
{[%clk 0:01:55]} Nc8 {[%clk 0:02:15]} 17. b4 {[%clk 0:01:51]} Nd6
{[%clk 0:02:16]} 18. Bd3 {[%clk 0:01:52]} f5 {[%clk 0:02:12]} 19. f3
{[%clk 0:01:54]} fxe4 {[%clk 0:01:35]} 20. fxe4 {[%clk 0:01:49]} Rxf1+
{[%clk 0:01:34]} 21. Qxf1 {[%clk 0:01:49]} Qh4 {[%clk 0:01:32]} 22. Qf2
{[%clk 0:01:21]} Qe7 {[%clk 0:01:33]} 23. Qd2 {[%clk 0:01:15]} Rf8
{[%clk 0:01:26]} 24. Na4 {[%clk 0:01:01]} Bxa4 {[%clk 0:01:15]} 25. Rxa4
{[%clk 0:01:02]} Qh4 {[%clk 0:01:13]} 26. Bf2 {[%clk 0:01:01]} Qh5
{[%clk 0:01:04]} 27. Be3 {[%clk 0:00:47]} Qh4 {[%clk 0:00:55]} 28. Bf2
{[%clk 0:00:48]} Nxe4 {[%clk 0:00:44]} 29. Bxh4 {[%clk 0:00:41]} Nxd2
{[%clk 0:00:45]} 30. Ra2 {[%clk 0:00:40]} Bh6 {[%clk 0:00:45]} 31. Be1
{[%clk 0:00:28]} Be3+ {[%clk 0:00:43]} 32. Kh1 {[%clk 0:00:28]} Nb3
{[%clk 0:00:41]} 33. d6 {[%clk 0:00:26]} Nc1 {[%clk 0:00:39]} 34. Bc4+
{[%clk 0:00:25]} Kg7 {[%clk 0:00:38]} 35. Ra3 {[%clk 0:00:25]} Bd4
{[%clk 0:00:31]} 36. Bd2 {[%clk 0:00:09]} cxd6 {[%clk 0:00:29]} 37. b5
{[%clk 0:00:03]} axb5 {[%clk 0:00:19]} 38. Bxb5 {[%clk 0:00:04]} Rc8
{[%clk 0:00:12]} 39. Bd7 {[%clk 0:00:03]} Rc2 {[%clk 0:00:13]} 40. Bg5
{[%clk 0:00:04]} h6 {[%clk 0:00:14]} 41. Be7 {[%clk 0:00:05]} Bc5
{[%clk 0:00:14]} 42. Ra1 {[%clk 0:00:04]} Nb3 {[%clk 0:00:14]} 43. Rb1
{[%clk 0:00:05]} Nxa5 {[%clk 0:00:15]} 44. Bd8 {[%clk 0:00:04]} b6
{[%clk 0:00:16]} 45. Bxb6 {[%clk 0:00:04]} Bxb6 {[%clk 0:00:17]} 46. Rxb6
{[%clk 0:00:06]} Nc4 {[%clk 0:00:17]} 47. Rc6 {[%clk 0:00:07]} d5
{[%clk 0:00:11]} 48. Be6 {[%clk 0:00:08]} Ne3 {[%clk 0:00:12]} 49. Bxd5
{[%clk 0:00:04]} Rxc6 {[%clk 0:00:12]} 50. Bxc6 {[%clk 0:00:05]} Nf5
{[%clk 0:00:10]} 51. Kg1 {[%clk 0:00:06]} Kf6 {[%clk 0:00:11]} 52. Kf2
{[%clk 0:00:07]} Nd6 {[%clk 0:00:11]} 53. Kf3 {[%clk 0:00:08]} g5
{[%clk 0:00:11]} 54. g3 {[%clk 0:00:07]} Nf5 {[%clk 0:00:12]} 55. Bd7
{[%clk 0:00:06]} h5 {[%clk 0:00:09]} 56. Bc8 {[%clk 0:00:06]} Nd6
{[%clk 0:00:08]} 57. Bd7 {[%clk 0:00:07]} e4+ {[%clk 0:00:09]} 58. Kf2
{[%clk 0:00:04]} h4 {[%clk 0:00:09]} 59. gxh4 {[%clk 0:00:05]} gxh4
{[%clk 0:00:10]} 60. Bc6 {[%clk 0:00:04]} Ke5 {[%clk 0:00:12]} 61. Bd7
{[%clk 0:00:03]} Kf4 {[%clk 0:00:13]} 62. Be6 {[%clk 0:00:04]} Nb5
{[%clk 0:00:13]} 63. Bc4 {[%clk 0:00:04]} Nd4 {[%clk 0:00:14]} 64. Ba6
{[%clk 0:00:03]} Ne6 {[%clk 0:00:15]} 65. Bc4 {[%clk 0:00:03]} Ng5
{[%clk 0:00:16]} 66. Bf1 {[%clk 0:00:03]} Nf3 {[%clk 0:00:10]} 67. Bg2
{[%clk 0:00:04]} Nd4 {[%clk 0:00:11]} 68. Bh1 {[%clk 0:00:03]} e3+
{[%clk 0:00:11]} 69. Kg2 {[%clk 0:00:04]} Nc2 {[%clk 0:00:11]} 70. Kf1
{[%clk 0:00:04]} Nd4 {[%clk 0:00:06]} 71. Kg2 {[%clk 0:00:05]} Ke4
{[%clk 0:00:07]} 72. Kf1+ {[%clk 0:00:06]} Ke5 0-1

[Event "Russian Blitz Team Championship (m)"]
[Site "Sochi"]
[Date "2022.10.17"]
[Round "5.12"]
[White "Faizrakhmanov, Ramil"]
[Black "Timerkhanov, Alexander"]
[Result "1/2-1/2"]
[BlackElo "2272"]
[WhiteElo "2421"]
[LiveChessVersion "1.4.8"]

1. d4 {[%clk 0:03:03]} d5 {[%clk 0:03:03]} 2. c4 {[%clk 0:03:05]} c6
{[%clk 0:03:04]} 3. Nc3 {[%clk 0:03:06]} Nf6 {[%clk 0:03:05]} 4. e3
{[%clk 0:03:07]} a6 {[%clk 0:03:05]} 5. Nf3 {[%clk 0:03:07]} Bf5 {[%clk 0:03:06]}
6. Bd3 {[%clk 0:02:59]} Bxd3 {[%clk 0:03:04]} 7. Qxd3 {[%clk 0:02:59]} e6
{[%clk 0:03:01]} 8. O-O {[%clk 0:02:59]} Bb4 {[%clk 0:03:00]} 9. Bd2
{[%clk 0:02:59]} O-O {[%clk 0:02:28]} 10. Nxd5 {[%clk 0:02:30]} Nxd5
{[%clk 0:02:29]} 11. cxd5 {[%clk 0:02:31]} Bxd2 {[%clk 0:02:28]} 12. Nxd2
{[%clk 0:02:27]} exd5 {[%clk 0:02:18]} 13. b4 {[%clk 0:02:22]} Nd7
{[%clk 0:02:11]} 14. a4 {[%clk 0:02:20]} b5 {[%clk 0:01:27]} 15. Rfc1
{[%clk 0:01:45]} Rc8 {[%clk 0:01:23]} 16. a5 {[%clk 0:01:39]} f5 {[%clk 0:01:23]}
17. Rab1 {[%clk 0:01:14]} Qe7 {[%clk 0:01:18]} 18. g3 {[%clk 0:00:56]} Rf6
{[%clk 0:01:18]} 19. Rc3 {[%clk 0:00:40]} g5 {[%clk 0:01:17]} 20. Nb3
{[%clk 0:00:33]} f4 {[%clk 0:01:14]} 21. exf4 {[%clk 0:00:30]} gxf4
{[%clk 0:01:16]} 22. Nc5 {[%clk 0:00:30]} Nxc5 {[%clk 0:01:17]} 23. Rxc5
{[%clk 0:00:21]} fxg3 {[%clk 0:01:16]} 24. hxg3 {[%clk 0:00:20]} Rcf8
{[%clk 0:01:16]} 25. Rf1 {[%clk 0:00:20]} Rg6 {[%clk 0:01:16]} 26. Kg2
{[%clk 0:00:14]} Rff6 {[%clk 0:01:11]} 27. Qe3 {[%clk 0:00:10]} Re6
{[%clk 0:01:03]} 28. Qf4 {[%clk 0:00:11]} Ref6 {[%clk 0:01:00]} 29. Qe5
{[%clk 0:00:09]} Qf7 {[%clk 0:00:56]} 30. f4 {[%clk 0:00:08]} Re6
{[%clk 0:00:55]} 31. Qb8+ {[%clk 0:00:03]} Re8 {[%clk 0:00:51]} 32. Qb6
{[%clk 0:00:04]} Re3 {[%clk 0:00:45]} 33. Qd8+ {[%clk 0:00:03]} Kg7
{[%clk 0:00:45]} 34. Rf3 {[%clk 0:00:04]} Rxf3 {[%clk 0:00:41]} 35. Kxf3
{[%clk 0:00:05]} Qe6 {[%clk 0:00:38]} 36. Qc7+ {[%clk 0:00:06]} Kh6
{[%clk 0:00:39]} 37. f5 {[%clk 0:00:04]} Qe4+ {[%clk 0:00:30]} 38. Kf2
{[%clk 0:00:05]} Qxd4+ {[%clk 0:00:28]} 39. Kg2 {[%clk 0:00:05]} Qe4+
{[%clk 0:00:29]} 40. Kh2 {[%clk 0:00:06]} Qxf5 {[%clk 0:00:29]} 41. Rxc6
{[%clk 0:00:05]} Qf2+ {[%clk 0:00:23]} 42. Kh3 {[%clk 0:00:06]} Qf1+
{[%clk 0:00:22]} 43. Kh2 {[%clk 0:00:07]} Qe2+ {[%clk 0:00:22]} 44. Kh3
{[%clk 0:00:08]} Qf1+ {[%clk 0:00:16]} 45. Kh2 {[%clk 0:00:09]} Qe2+
{[%clk 0:00:15]} 46. Kh3 {[%clk 0:00:10]} Qh5+ {[%clk 0:00:11]} 47. Kg2
{[%clk 0:00:11]} Qe2+ {[%clk 0:00:09]} 48. Kh3 {[%clk 0:00:12]} Qf1+
{[%clk 0:00:05]} 49. Kh2 {[%clk 0:00:13]} Qf2+ {[%clk 0:00:04]} 50. Kh3
{[%clk 0:00:14]} Qf1+ {[%clk 0:00:04]} 51. Kh2 {[%clk 0:00:15]} Qe2+
{[%clk 0:00:05]} 1/2-1/2

[Event "Russian Blitz Team Championship (m)"]
[Site "Sochi"]
[Date "2022.10.17"]
[Round "5.13"]
[White "Kezin, Roman"]
[Black "Pridorozhni, Aleksei"]
[Result "1/2-1/2"]
[BlackElo "2581"]
[WhiteElo "2503"]
[LiveChessVersion "1.4.8"]

1. d4 {[%clk 0:03:03]} d5 {[%clk 0:03:00]} 2. c4 {[%clk 0:03:04]} e6
{[%clk 0:03:00]} 3. Nf3 {[%clk 0:03:05]} Nf6 {[%clk 0:03:01]} 4. g3
{[%clk 0:03:06]} dxc4 {[%clk 0:03:01]} 5. Bg2 {[%clk 0:03:07]} c5
{[%clk 0:02:58]} 6. O-O {[%clk 0:03:06]} Nc6 {[%clk 0:02:58]} 7. Qa4
{[%clk 0:03:05]} Bd7 {[%clk 0:02:51]} 8. Qxc4 {[%clk 0:03:05]} cxd4
{[%clk 0:02:45]} 9. Nxd4 {[%clk 0:03:05]} Rc8 {[%clk 0:02:39]} 10. Nc3
{[%clk 0:03:06]} a6 {[%clk 0:02:35]} 11. Bg5 {[%clk 0:02:35]} Be7
{[%clk 0:02:24]} 12. Rfd1 {[%clk 0:02:08]} Nxd4 {[%clk 0:01:54]} 13. Qxd4
{[%clk 0:02:09]} Bc6 {[%clk 0:01:54]} 14. Bxc6+ {[%clk 0:01:29]} Rxc6
{[%clk 0:01:51]} 15. Qxd8+ {[%clk 0:01:30]} Bxd8 {[%clk 0:01:52]} 16. Ne4
{[%clk 0:01:32]} Be7 {[%clk 0:01:46]} 17. Nxf6+ {[%clk 0:00:55]} Bxf6
{[%clk 0:01:42]} 18. Bxf6 {[%clk 0:00:49]} gxf6 {[%clk 0:01:43]} 19. Rac1
{[%clk 0:00:50]} Rxc1 {[%clk 0:01:43]} 20. Rxc1 {[%clk 0:00:51]} Kd7
{[%clk 0:01:44]} 21. Kg2 {[%clk 0:00:52]} Rg8 {[%clk 0:01:36]} 22. f4
{[%clk 0:00:32]} f5 {[%clk 0:01:29]} 23. Kf3 {[%clk 0:00:32]} Kd6
{[%clk 0:01:21]} 24. e4 {[%clk 0:00:28]} fxe4+ {[%clk 0:01:20]} 25. Kxe4
{[%clk 0:00:29]} h5 {[%clk 0:01:11]} 26. Rd1+ {[%clk 0:00:30]} Ke7
{[%clk 0:01:12]} 27. Rc1 {[%clk 0:00:16]} 1/2-1/2